[Event "IND-ch (Women) 48th"]
[Site "Hatkanangale"]
[Date "2023.01.05"]
[Round "11"]
[White "Aditi, Yogesh Kayal"]
[Black "Rajanya, Datta"]
[Result "1-0"]
[WhiteElo "1667"]
[BlackElo "1627"]
[PlyCount "109"]
[EventDate "2022.12.26"]
[EventType "swiss"]
[EventRounds "11"]
[EventCountry "IND"]
[SourceTitle "CBM 212 Extra"]
[Source "ChessBase"]
[SourceDate "2023.03.31"]
[SourceVersion "1"]
[SourceVersionDate "2023.03.31"]
[SourceQuality "1"]

1. e4 e5 2. Nf3 Nc6 3. Bb5 a6 4. Ba4 Nf6 5. 0-0 Nxe4 6. d4 b5 7. Bb3 d5 8. dxe5 Be6 9. Be3 Bc5 10. Qe2 0-0 11. Rd1 Na5 12. Nbd2 Bxe3 13. Qxe3 Nxd2 14. Rxd2 Nxb3 15. cxb3 Qe7 16. Rc1 Rfd8 17. Qc5 Qe8 18. Nd4 Rd7 19. f4 g6 20. h3 h5 21. Rf2 Qf8 22. Qc6 Qe8 23. Rcf1 Re7 24. Qc5 Rc8 25. b4 c6 26. Qc1 Bf5 27. Nxf5 gxf5 28. Qc2 Qd7 29. Qd1 Re6 30. Qxh5 Rg6 31. e6 Qxe6 32. Re2 Qd6 33. Qxf5 Rd8 34. a3 Kg7 35. Qe5+ Qxe5 36. Rxe5 d4 37. Rd1 d3 38. Kf2 Rgd6 39. Rd2 Kf6 40. Re3 Rd4 41. Kf3 R4d5 42. g4 Kg6 43. h4 R8d6 44. g5 Rd8 45. Kg4 f5+ 46. Kf3 R8d6 47. b3 Rd4 48. Re5 Rd8 49. Re6+ Kg7 50. Rxc6 Rh8 51. Rc7+ Kg6 52. Kg3 Re8 53. h5+ Kxh5 54. Rh2+ Kg6 55. Rh6# 1-0

[Event "IND-ch (Women) 48th"]
[Site "Hatkanangale"]
[Date "2022.12.27"]
[Round "2"]
[White "Aditi, Yogesh Kayal"]
[Black "Elakshi, Srivastava"]
[Result "1-0"]
[WhiteElo "1667"]
[BlackElo "1387"]
[PlyCount "125"]
[EventDate "2022.12.26"]
[EventType "swiss"]
[EventRounds "11"]
[EventCountry "IND"]
[SourceTitle "CBM 212 Extra"]
[Source "ChessBase"]
[SourceDate "2023.03.31"]
[SourceVersion "1"]
[SourceVersionDate "2023.03.31"]
[SourceQuality "1"]

1. e4 e6 2. d4 d5 3. Nc3 Nf6 4. e5 Nfd7 5. f4 c5 6. Nf3 Nc6 7. Be3 b6 8. Qd2 Be7 9. Be2 0-0 10. 0-0-0 c4 11. f5 Re8 12. h4 Nf8 13. f6 gxf6 14. Qe1 Nd7 15. exf6 Bxf6 16. Ng5 h6 17. Nf3 Bg7 18. g4 Ne7 19. g5 Nf5 20. Bf4 f6 21. gxh6 Bxh6 22. Bxh6 Nxh6 23. Qg3+ Kf7 24. Qf4 Nf5 25. Nb5 Nf8 26. Nc7 e5 27. Nxe5+ fxe5 28. Bh5+ Ng6 29. dxe5 Kf8 30. Bxg6 Qxc7 31. Bxf5 Qxe5 32. Qh6+ Qg7 33. Qd6+ Qe7 34. Qh6+ Qg7 35. Qxg7+ Kxg7 36. Rxd5 Bxf5 37. Rxf5 Re6 38. Kd2 a6 39. a4 Rc8 40. Rh3 Rcc6 41. Kc3 Rf6 42. Rxf6 Kxf6 43. Rg3 Ke5 44. Rg4 Kd5 45. Rd4+ Ke5 46. Rxc4 Rh6 47. Kd3 Kd5 48. Rg4 Kc6 49. Ke3 Kd5 50. Kf3 Kc5 51. b3 Kd5 52. c3 Ke6 53. Kg3 Kf5 54. Rg5+ Ke4 55. Kg4 Kd3 56. h5 Kxc3 57. Rg6 Rh8 58. Rxb6 a5 59. h6 Rf8 60. h7 Rh8 61. Rb7 Kc2 62. Kg5 Re8 63. Kg6 1-0

[Event "IND-ch U19 Girls"]
[Site "Pune"]
[Date "2022.07.17"]
[Round "8"]
[White "Bristy, Mukherjee"]
[Black "Aditi, Yogesh Kayal"]
[Result "1-0"]
[WhiteElo "1871"]
[BlackElo "1608"]
[PlyCount "175"]
[EventDate "2022.07.12"]
[EventType "swiss"]
[EventRounds "11"]
[EventCountry "IND"]
[SourceTitle "EXT 2023"]
[Source "ChessBase"]
[SourceDate "2022.10.05"]
[SourceVersion "1"]
[SourceVersionDate "2022.10.05"]
[SourceQuality "1"]

1. e4 e6 2. d3 d5 3. Nd2 c5 4. Ngf3 Nc6 5. g3 Nf6 6. Bg2 Be7 7. 0-0 0-0 8. e5 Nd7 9. Re1 Qc7 10. Qe2 f6 11. exf6 Nxf6 12. Bh3 e5 13. Bxc8 Raxc8 14. Nxe5 Nxe5 15. Qxe5 Bd6 16. Qe6+ Kh8 17. Qh3 c4 18. Nf3 cxd3 19. cxd3 Qc2 20. Ng5 h6 21. Be3 Rce8 22. Red1 Nh7 23. Nxh7 Kxh7 24. Rd2 Qa4 25. b3 Qb4 26. Rc2 Qb5 27. Rd1 Rf6 28. Qg4 Rf7 29. Qd4 b6 30. Qa4 Qxa4 31. bxa4 Ree7 32. Rc8 Rc7 33. Rxc7 Rxc7 34. Rc1 Rxc1+ 35. Bxc1 Kg6 36. Kg2 Kf5 37. Kf3 Be5 38. g4+ Ke6 39. h4 Bc3 40. h5 Kd6 41. Ba3+ Ke6 42. Ke3 Kf7 43. Bd6 Bb2 44. Kd2 Ke6 45. Bg3 Bd4 46. Ke2 Bb2 47. Bf4 Bd4 48. Be3 Bc3 49. g5 hxg5 50. Bxg5 Kf5 51. Be3 Kg4 52. h6 gxh6 53. Bxh6 Bb2 54. f3+ Kf5 55. Kd2 Bf6 56. Be3 Be5 57. Kc2 Bf4 58. Bd4 Bg3 59. Kd2 Bd6 60. Ke2 Bb8 61. Bg1 Bd6 62. a5 Bc5 63. Bf2 d4 64. axb6 Bxb6 65. Bg3 Ke6 66. Kd1 Kd5 67. Kc2 Kc5 68. Kb3 Kb5 69. Be5 a5 70. a4+ Kc5 71. Bg7 Bc7 72. Bh6 Kd5 73. Bd2 Kc5 74. f4 Kd5 75. f5 Ke5 76. Kc4 Kxf5 77. Kxd4 Ke6 78. Kc5 Ke5 79. Bc3+ Kf4 80. Bd4 Kf3 81. Bf6 Kg4 82. Kc6 Bf4 83. Bc3 Kf3 84. d4 Ke4 85. d5 Kf5 86. Bxa5 Bb8 87. Bc7 Ba7 88. d6 1-0